|
|
|
|
| LEADER |
00000cam a2200000 a 4500 |
| 001 |
vtls001108921 |
| 003 |
SK-MaSNL |
| 005 |
20260301182258.0 |
| 008 |
240318s1980 xo a d n 00000 slo |
| 015 |
|
|
|a SNBA1980
|
| 020 |
|
|
|q (brož.)
|
| 035 |
|
|
|a SNK000051763
|
| 040 |
|
|
|a SNK
|b slo
|c SNK
|e AACR2
|
| 041 |
0 |
|
|a slo
|
| 044 |
|
|
|a xo
|c SK
|
| 080 |
|
|
|a 691(075.3)
|2 1981
|
| 100 |
1 |
|
|a Čihák, Jaroslav
|4 aut
|9 280263
|
| 245 |
1 |
0 |
|a Stavivá a montované konštrukcie pre 4. ročník gymnázia
|c Jaroslav Čihák
|
| 250 |
|
|
|a 2. vyd.
|
| 260 |
|
|
|a Bratislava
|b Alfa
|c 1980
|
| 300 |
|
|
|a 151 s.
|b sch.
|c 29 cm
|
| 366 |
|
|
|e 1200 výt.
|
| 504 |
|
|
|a Bibliogr. odkazy
|
| 650 |
0 |
7 |
|a stavebné materiály
|2 SNKPH
|9 31817
|
| 650 |
0 |
7 |
|a konštrukcie (technika)
|2 SNKPH
|9 67976
|
| 655 |
|
7 |
|a učebnice stredných škôl
|2 SNKPH
|9 69323
|
| 958 |
|
|
|a NB
|
| 958 |
|
|
|a OND
|
| 999 |
|
|
|c 853091
|d 855021
|
| 952 |
|
|
|a SNK
|b SNK
|y PREZ
|7 0
|p 17A0987340
|o snkSB 29826
|i snkKSP 3229/80
|0 0
|1 0
|4 0
|d 2014-10-14
|l 0
|r 2025-04-02 00:00:00
|w 2026-02-24
|
| 952 |
|
|
|a SNK
|b SNK
|y VYP
|7 0
|o snkSB 29826 D1
|i snkKSP 3230/80
|0 0
|1 0
|4 0
|d 2014-10-14
|l 0
|r 2026-02-24 04:47:38
|w 2026-02-24
|